Developing sustainable digital libraries (Record no. 139394)

MARC details
000 -LEADER
fixed length control field 00913nam a2200277Ia 4500
003 - CONTROL NUMBER IDENTIFIER
control field OSt
005 - DATE AND TIME OF LATEST TRANSACTION
control field 20220918171409.0
008 - FIXED-LENGTH DATA ELEMENTS--GENERAL INFORMATION
fixed length control field 220917b |||||||| |||| 00| 0 eng d
020 ## - INTERNATIONAL STANDARD BOOK NUMBER
International Standard Book Number 9781615207671 (hbk)
037 ## - SOURCE OF ACQUISITION
Terms of availability Textual
040 ## - CATALOGING SOURCE
Original cataloging agency ARTS
Transcribing agency ARTS
Language of cataloging eng
041 ## - LANGUAGE CODE
Source of code eng
Language code of text/sound track or separate title eng
100 ## - MAIN ENTRY--PERSONAL NAME
Personal name Ashraf Tariq
9 (RLIN) 36339
245 #0 - TITLE STATEMENT
Title Developing sustainable digital libraries
Remainder of title Socio-technical perspectives
260 ## - PUBLICATION, DISTRIBUTION, ETC.
Place of publication, distribution, etc. Hershey
Name of publisher, distributor, etc. Information Science Reference USA
Date of publication, distribution, etc. 2010
300 ## - PHYSICAL DESCRIPTION
Extent xvi,362p.
Dimensions cm.
650 ## - SUBJECT ADDED ENTRY--TOPICAL TERM
Topical term or geographic name entry element LIBRARY SCIENCE
700 ## - ADDED ENTRY--PERSONAL NAME
Personal name Gulati Puja Anand
9 (RLIN) 36340
700 ## - ADDED ENTRY--PERSONAL NAME
Personal name Sharma Jaideep
942 ## - ADDED ENTRY ELEMENTS (KOHA)
Classification part 2:(D65,8(B)), Q0
Koha item type Textual
Source of classification or shelving scheme Colon Classification (CC)
Holdings
Withdrawn status Lost status Damaged status Not for loan Home library Current library Date acquired Source of acquisition Cost, normal purchase price Total Checkouts Full call number Barcode Date last seen Cost, replacement price Price effective from Koha item type
        Arts Library Arts Library 2022-09-18 36, 14/07/2010, Sunrise Books 8434.79   2:(D65,8(B)) Q0 AL1295319 2022-09-18 8434.79 2022-09-18 Textual
Copyright @ Delhi University Library System